[Event "Titled Tuesday intern op 25th Mar Early"]
[Site "Chess.com INT"]
[Date "2025.03.25"]
[Round "1"]
[White "Sanchez Ibern, Marc"]
[Black "Gabrielian, Artur"]
[Result "0-1"]
[WhiteElo "2316"]
[BlackElo "2419"]
[PlyCount "60"]
[EventDate "2025.03.25"]
[EventType "swiss (blitz)"]
[EventRounds "11"]
[EventCountry "USA"]
[SourceTitle "CB14_2025"]
[SourceDate "2024.11.01"]
[SourceVersion "1"]
[SourceVersionDate "2024.11.01"]
[SourceQuality "1"]

1. Nf3 Nf6 2. g3 g6 3. Bg2 Bg7 4. 0-0 0-0 5. c4 d5 6. cxd5 Nxd5 7. Nc3 Nb6 8. b3 c5 9. Bb2 c4 10. Rc1 Nc6 11. Na4 Bxb2 12. Nxb2 cxb3 13. Qxb3 Be6 14. Qa3 Qd6 15. Qxd6 exd6 16. a4 Rfc8 17. Ng5 Bb3 18. Ne4 Nd4 19. Bf3 Nxf3+ 20. exf3 Nxa4 21. Nxa4 Bxa4 22. Nxd6 Rxc1 23. Rxc1 Bc6 24. f4 a5 25. Nc4 a4 26. Na3 Rd8 27. Rc2 Rd3 28. Nc4 Be4 29. Ne5 Rb3 30. Ra2 Rb1# 0-1

[Event "Titled Tuesday intern op 04th Mar Early"]
[Site "Chess.com INT"]
[Date "2025.03.04"]
[Round "6"]
[White "Sanchez Ibern, Marc"]
[Black "Muniz, Rafael"]
[Result "1-0"]
[WhiteElo "2316"]
[BlackElo "2140"]
[PlyCount "55"]
[EventDate "2025.03.04"]
[EventType "swiss (blitz)"]
[EventRounds "11"]
[EventCountry "USA"]
[SourceTitle "CB11_2025"]
[SourceDate "2025.03.12"]
[SourceVersion "1"]
[SourceVersionDate "2025.03.12"]
[SourceQuality "1"]

1. Nf3 Nf6 2. g4 Nxg4 3. Rg1 Nf6 4. e4 d6 5. Nc3 g6 6. d4 Bg7 7. Bg5 0-0 8. Qd2 c5 9. 0-0-0 cxd4 10. Nxd4 Qa5 11. Kb1 Nbd7 12. h4 Nc5 13. f3 Re8 14. Bc4 a6 15. a3 Ne6 16. Nxe6 Bxe6 17. Bxe6 fxe6 18. Qh2 Rac8 19. Qh3 Kf7 20. Ne2 Qe5 21. Nd4 Rc4 22. c3 Rec8 23. Rge1 h6 24. f4 Qa5 25. Qxe6+ Kf8 26. f5 hxg5 27. fxg6 Ke8 28. Nf5 1-0

[Event "Titled Tuesday intern op 04th Mar Early"]
[Site "Chess.com INT"]
[Date "2025.03.04"]
[Round "5"]
[White "Sanchez Ibern, Marc"]
[Black "Novik, Maxim"]
[Result "0-1"]
[WhiteElo "2316"]
[BlackElo "2398"]
[PlyCount "90"]
[EventDate "2025.03.04"]
[EventType "swiss (blitz)"]
[EventRounds "11"]
[EventCountry "USA"]
[SourceTitle "CB11_2025"]
[SourceDate "2025.03.12"]
[SourceVersion "1"]
[SourceVersionDate "2025.03.12"]
[SourceQuality "1"]

1. Nf3 c5 2. e4 Nc6 3. b3 e5 4. Bb2 d6 5. g3 g6 6. Bg2 Bg7 7. 0-0 Nge7 8. c3 0-0 9. Na3 h6 10. Re1 f5 11. exf5 gxf5 12. d4 e4 13. Nh4 cxd4 14. cxd4 d5 15. f4 Be6 16. Nc2 Qe8 17. b4 Ng6 18. Nxg6 Qxg6 19. b5 Ne7 20. Ne3 h5 21. Ba3 Bf6 22. Bd6 h4 23. Kf2 Rf7 24. Be5 Rg7 25. Nf1 Rc8 26. Rc1 Rxc1 27. Qxc1 Bxe5 28. fxe5 f4 29. Qc7 f3 30. Bh1 Nf5 31. Qd8+ Kh7 32. Qf6 Qxf6 33. exf6 Rc7 34. Ne3 Nxd4 35. gxh4 Kg6 36. Rg1+ Kxf6 37. h5 Nf5 38. Rg6+ Ke5 39. Ng4+ Kd6 40. h6 Rc2+ 41. Kg1 Nxh6 42. Nxh6 Rc1+ 43. Kf2 Rxh1 44. h4 Ke5 45. h5 d4 0-1

[Event "Catalunya-chT Gp1"]
[Site "Barcelona"]
[Date "2016.02.20"]
[Round "5.2"]
[White "Sanchez Ibern, Marc"]
[Black "Vehi Bach, Victor Manuel"]
[Result "1/2-1/2"]
[WhiteElo "2340"]
[BlackElo "2316"]
[PlyCount "45"]
[EventDate "2016.01.23"]
[EventType "team-tourn"]
[EventRounds "7"]
[EventCountry "ESP"]
[SourceTitle "EXT 2017"]
[Source "ChessBase"]
[SourceDate "2016.10.25"]
[SourceVersion "1"]
[SourceVersionDate "2016.10.25"]
[SourceQuality "1"]
[WhiteTeam "Barcelona Unio Graciencia"]
[BlackTeam "Montcada"]
[WhiteTeamCountry "ESP"]
[BlackTeamCountry "ESP"]

1. d4 Nf6 2. Nf3 e6 3. g3 c5 4. Bg2 cxd4 5. Nxd4 d5 6. 0-0 e5 7. Nb3 Be6 8. c4 Nc6 9. cxd5 Nxd5 10. Bd2 Be7 11. Nc3 0-0 12. Nxd5 Bxd5 13. Bc3 Bxg2 14. Kxg2 Qxd1 15. Raxd1 Rfd8 16. Na5 Nxa5 17. Bxa5 b6 18. Bc3 f6 19. e4 g6 20. Kf3 Kf7 21. Ke2 Ke6 22. Rxd8 Rxd8 23. Rd1 1/2-1/2

[Event "Catalunya-chT"]
[Site "Catalunya"]
[Date "2014.03.08"]
[Round "7.3"]
[White "Pinsach Gelabert, Alexandre"]
[Black "Sanchez Ibern, Marc"]
[Result "0-1"]
[WhiteElo "2138"]
[BlackElo "2382"]
[PlyCount "100"]
[EventDate "2014.01.25"]
[EventType "team"]
[EventRounds "11"]
[EventCountry "ESP"]
[SourceTitle "EXT 2015"]
[Source "ChessBase"]
[SourceDate "2014.11.20"]
[SourceVersion "1"]
[SourceVersionDate "2014.11.20"]
[SourceQuality "1"]
[WhiteTeam "Figueres"]
[BlackTeam "Barcelona Uga"]
[WhiteTeamCountry "ESP"]
[BlackTeamCountry "ESP"]

1. e4 c5 2. Nf3 Nf6 3. e5 Nd5 4. g3 g6 5. Bg2 Bg7 6. 0-0 Nc6 7. Re1 Nc7 8. d3 0-0 9. Nc3 d6 10. exd6 exd6 11. Bg5 f6 12. Bf4 Ne6 13. Nd5 Nxf4 14. Nxf4 Re8 15. c3 Bf8 16. Rxe8 Qxe8 17. Nd5 Qf7 18. Nd2 Be6 19. Nf4 Kg7 20. Nxe6+ Qxe6 21. Qb3 Qf7 22. Bd5 Qc7 23. Re1 Rb8 24. f4 b5 25. Bxc6 Qxc6 26. Qe6 Qc8 27. Qd5 Qb7 28. Qe6 Qf7 29. Qxf7+ Kxf7 30. b3 b4 31. c4 Rd8 32. Nf1 d5 33. Kf2 d4 34. Nd2 Be7 35. Nf3 Rb8 36. g4 a5 37. Nd2 a4 38. Kf3 Ra8 39. Ne4 axb3 40. axb3 Ra2 41. Re2 Ra1 42. Rb2 f5 43. gxf5 gxf5 44. Nd2 Re1 45. Ra2 Re3+ 46. Kf2 Bh4+ 47. Kf1 Rxd3 48. Ra7+ Kg6 49. Ke2 Re3+ 50. Kd1 d3 0-1

[Event "Montcada 2nd"]
[Site "Montcada"]
[Date "2014.02.27"]
[Round "7"]
[White "Sanchez Ibern, Marc"]
[Black "Munoz Pantoja, Miguel Angel"]
[Result "0-1"]
[WhiteElo "2382"]
[BlackElo "2462"]
[PlyCount "66"]
[EventDate "2014.02.06"]
[EventType "tourn"]
[EventRounds "9"]
[EventCountry "ESP"]
[EventCategory "3"]
[SourceTitle "CBM 159 Extra"]
[Source "ChessBase"]
[SourceDate "2014.04.24"]
[SourceVersion "1"]
[SourceVersionDate "2014.04.24"]
[SourceQuality "1"]

1. Nf3 c5 2. g3 Nc6 3. d4 cxd4 4. Nxd4 g6 5. Bg2 Bg7 6. Nb3 Nf6 7. Nc3 0-0 8. 0-0 d6 9. e4 Bg4 10. f3 Be6 11. Nd5 a5 12. a4 Nb4 13. Nxb4 axb4 14. Be3 Nd7 15. Nd4 Bc4 16. Re1 d5 17. b3 Ba6 18. exd5 Nf6 19. Qd2 Nxd5 20. Bh6 Bxh6 21. Qxh6 Qb6 22. Qd2 Rfd8 23. Qf2 Nc3 24. Nb5 Qxf2+ 25. Kxf2 Rd2+ 26. Kg1 Ne2+ 27. Kh1 Rxc2 28. Bf1 Bxb5 29. axb5 Rxa1 30. Rxa1 Nd4 31. b6 Nxb3 32. Ra4 Nd2 33. Bd3 Rc3 0-1

[Event "Montcada 2nd"]
[Site "Montcada"]
[Date "2014.02.09"]
[Round "2"]
[White "Sanchez Ibern, Marc"]
[Black "Vidarte Morales, Arturo"]
[Result "0-1"]
[WhiteElo "2382"]
[BlackElo "2320"]
[PlyCount "130"]
[EventDate "2014.02.06"]
[EventType "tourn"]
[EventRounds "9"]
[EventCountry "ESP"]
[EventCategory "3"]
[SourceTitle "CBM 159 Extra"]
[Source "ChessBase"]
[SourceDate "2014.04.24"]
[SourceVersion "1"]
[SourceVersionDate "2014.04.24"]
[SourceQuality "1"]

1. e4 d6 2. Nf3 g6 3. d4 Bg7 4. c3 Nf6 5. Qc2 0-0 6. Bg5 c5 7. dxc5 dxc5 8. Bc4 Nc6 9. 0-0 Qc7 10. Nbd2 b6 11. Rfe1 e5 12. Nf1 Bb7 13. Ne3 Na5 14. Bxf6 Nxc4 15. Nxc4 Bxf6 16. a4 Rad8 17. Rad1 Rxd1 18. Rxd1 Rd8 19. Rd2 Bc6 20. h3 Rxd2 21. Nfxd2 a6 22. b3 b5 23. axb5 axb5 24. Ne3 Bg5 25. Qd3 Bxe3 26. Qxe3 Qd6 27. Kf1 Bd7 28. g4 Be6 29. Ke2 Kg7 30. c4 bxc4 31. bxc4 h6 32. Qc3 f6 33. f3 g5 34. Nf1 Qa6 35. Nd2 Qa2 36. Kd3 Bf7 37. Ke3 Qa4 38. Ke2 h5 39. Ke1 h4 40. Ke2 Be6 41. Ke1 Kf7 42. Ke2 Ke7 43. Ke1 Bc8 44. Qb2 Bd7 45. Ke2 Qb4 46. Qxb4 cxb4 47. Kd3 Kd6 48. Nf1 Kc5 49. Ne3 Ba4 50. Nd5 Bb3 51. Nxf6 Bxc4+ 52. Ke3 Bf1 53. Nd7+ Kd6 54. Nb6 Bb5 55. Nd5 Kc5 56. Nf6 b3 57. Kd2 Kd4 58. Nd5 b2 59. Kc2 Bf1 60. Kxb2 Bxh3 61. Kc2 Bg2 62. Kd2 h3 63. Ne3 h2 64. Nf5+ Kc5 65. Ng3 Bxf3 0-1

[Event "Catalunya-chT"]
[Site "Catalunya"]
[Date "2014.02.01"]
[Round "2.4"]
[White "Sanchez Ibern, Marc"]
[Black "Martinez Lopez, Ivan"]
[Result "0-1"]
[WhiteElo "2382"]
[BlackElo "2264"]
[PlyCount "68"]
[EventDate "2014.01.25"]
[EventType "team"]
[EventRounds "11"]
[EventCountry "ESP"]
[SourceTitle "CBM 158 Extra"]
[Source "ChessBase"]
[SourceDate "2014.02.28"]
[SourceVersion "1"]
[SourceVersionDate "2014.02.28"]
[SourceQuality "1"]
[WhiteTeam "Barcelona Uga"]
[BlackTeam "Lleida"]
[WhiteTeamCountry "ESP"]
[BlackTeamCountry "ESP"]

1. c4 Nf6 2. g3 g6 3. Bg2 d5 4. cxd5 Nxd5 5. Nf3 Bg7 6. 0-0 Nc6 7. Nc3 Nb6 8. d3 0-0 9. Be3 e5 10. Qd2 Re8 11. Rac1 Nd4 12. Ne1 c6 13. Nc2 Bf5 14. h3 Qd7 15. Kh2 Rad8 16. Bh6 f6 17. Bxg7 Qxg7 18. Ne3 Bc8 19. Ned1 f5 20. e3 Ne6 21. b4 e4 22. Nb2 h5 23. Qe2 Nd5 24. Nxd5 cxd5 25. dxe4 fxe4 26. Na4 Ng5 27. Nc5 h4 28. gxh4 Qe5+ 29. Kh1 Nxh3 30. Nxb7 Qe7 31. Rxc8 Qxh4 32. Bxh3 Qxh3+ 33. Kg1 Rxc8 34. Nd6 Re5 0-1

[Event "Vallfogona rapid op 21st"]
[Site "Vallfogona de Balaguer"]
[Date "2013.09.22"]
[Round "6"]
[White "Coll Ortega, Jordi"]
[Black "Sanchez Ibern, Marc"]
[Result "0-1"]
[WhiteElo "2295"]
[BlackElo "2398"]
[PlyCount "58"]
[EventDate "2013.09.21"]
[EventType "swiss (rapid)"]
[EventRounds "11"]
[EventCountry "ESP"]
[SourceTitle "CBM 156 Extra"]
[Source "ChessBase"]
[SourceDate "2013.10.22"]
[SourceVersion "1"]
[SourceVersionDate "2013.10.22"]
[SourceQuality "1"]

1. e4 c5 2. Nf3 d6 3. d4 Nf6 4. Nc3 cxd4 5. Nxd4 Nc6 6. Bc4 e6 7. Be3 Be7 8. Qe2 Bd7 9. Rg1 Rc8 10. Bb3 Na5 11. g4 Rxc3 12. bxc3 Nxe4 13. Qf3 d5 14. c4 Qc7 15. cxd5 Qc3+ 16. Kf1 Nxb3 17. Nxb3 exd5 18. Kg2 0-0 19. Bd4 Qc8 20. Kh1 b6 21. c3 Bg5 22. Rad1 f5 23. gxf5 Rxf5 24. Qg2 Qf8 25. Rgf1 Rf3 26. Bxg7 Qf7 27. Rxd5 Nxf2+ 28. Rxf2 Rxf2 29. Rxd7 Rf1+ 0-1

[Event "Latschach op 29th"]
[Site "Latschach"]
[Date "2013.08.13"]
[Round "5"]
[White "Sanchez Ibern, Marc"]
[Black "Schulz Knappe, Florian"]
[Result "1-0"]
[WhiteElo "2408"]
[BlackElo "2172"]
[PlyCount "62"]
[EventDate "2013.08.10"]
[EventType "swiss"]
[EventRounds "9"]
[EventCountry "AUT"]
[SourceTitle "CBM 155 Extra"]
[Source "ChessBase"]
[SourceDate "2013.08.26"]
[SourceVersion "1"]
[SourceVersionDate "2013.08.26"]
[SourceQuality "1"]

1. e4 g6 2. d4 Bg7 3. Nc3 c6 4. Nf3 d5 5. h3 Nf6 6. e5 Ne4 7. Nxe4 dxe4 8. Ng5 c5 9. dxc5 Qc7 10. e6 Bxe6 11. Nxe6 fxe6 12. Bb5+ Kf7 13. Qe2 Qxc5 14. 0-0 Rd8 15. c3 Nc6 16. a4 Qe5 17. Be3 Bf6 18. Rfe1 Rd6 19. a5 Rad8 20. Bxc6 bxc6 21. Qa6 R8d7 22. Bxa7 c5 23. Bb6 Rd2 24. Qc4 Rxf2 25. Kxf2 Rd2+ 26. Re2 e3+ 27. Kg1 Qg3 28. Rxd2 Be5 29. Qf1+ Kg7 30. Qf3 Qh2+ 31. Kf1 exd2 1-0

[Event "Latschach op 29th"]
[Site "Latschach"]
[Date "2013.08.12"]
[Round "4"]
[White "Hafner, Robert"]
[Black "Sanchez Ibern, Marc"]
[Result "0-1"]
[WhiteElo "2078"]
[BlackElo "2408"]
[PlyCount "146"]
[EventDate "2013.08.10"]
[EventType "swiss"]
[EventRounds "9"]
[EventCountry "AUT"]
[SourceTitle "CBM 155 Extra"]
[Source "ChessBase"]
[SourceDate "2013.08.26"]
[SourceVersion "1"]
[SourceVersionDate "2013.08.26"]
[SourceQuality "1"]

1. d4 Nf6 2. c4 g6 3. Nc3 Bg7 4. Nf3 0-0 5. e3 d5 6. cxd5 Nxd5 7. Bd2 Nb6 8. Be2 Nc6 9. 0-0 Re8 10. Rc1 a6 11. Qc2 e5 12. dxe5 Nxe5 13. Rfd1 Be6 14. Be1 Qe7 15. Nxe5 Bxe5 16. Bf3 c6 17. b3 a5 18. Ne2 a4 19. Nd4 axb3 20. axb3 Bd7 21. Qc5 Qxc5 22. Rxc5 h5 23. h3 Ra2 24. Ra5 Rxa5 25. Bxa5 Nc8 26. Bb4 Ne7 27. Bc5 Nc8 28. Bb4 Kh7 29. Kf1 Kh6 30. Be2 Bf6 31. Bc4 Kg7 32. Be2 b6 33. Nf3 Bf5 34. Rc1 c5 35. Bc3 Bxc3 36. Rxc3 Nd6 37. Nd2 Ra8 38. f3 Ra2 39. Ke1 Be6 40. e4 g5 41. Kd1 Kf6 42. Rc2 Ra7 43. Bc4 Ke5 44. Rc3 Bxc4 45. bxc4 Kd4 46. Rb3 Nxc4 47. Nxc4 Kxc4 48. Rxb6 Kc3 49. g3 c4 50. h4 g4 51. fxg4 hxg4 52. e5 Ra5 53. Rf6 Rd5+ 54. Ke2 Rxe5+ 55. Kf2 Kb2 56. Rxf7 c3 57. Rd7 Kc1 58. Rd4 c2 59. Rxg4 Rc5 60. Rb4 Kd2 61. Rb2 Kd3 62. Rxc2 Rxc2+ 63. Kf3 Kd4 64. Kf4 Kd5 65. Kf5 Rf2+ 66. Kg6 Rg2 67. h5 Rxg3+ 68. Kf6 Rh3 69. Kg6 Ke6 70. h6 Rg3+ 71. Kh7 Kf7 72. Kh8 Rg8+ 73. Kh7 Rg6 0-1

[Event "Barcelona Sant Marti op-A 15th"]
[Site "Barcelona"]
[Date "2013.07.19"]
[Round "7"]
[White "Dvirnyy, Danyyil"]
[Black "Sanchez Ibern, Marc"]
[Result "1/2-1/2"]
[WhiteElo "2549"]
[BlackElo "2408"]
[PlyCount "42"]
[EventDate "2013.07.13"]
[EventType "swiss"]
[EventRounds "9"]
[EventCountry "ESP"]
[SourceTitle "CBM 155 Extra"]
[Source "ChessBase"]
[SourceDate "2013.08.26"]
[SourceVersion "1"]
[SourceVersionDate "2013.08.26"]
[SourceQuality "1"]

1. Nf3 Nf6 2. g3 g6 3. b3 Bg7 4. Bb2 0-0 5. Bg2 d6 6. d4 e5 7. dxe5 Ng4 8. 0-0 Nc6 9. c4 Ngxe5 10. Nc3 Bg4 11. Nxe5 dxe5 12. Bxc6 Qxd1 13. Rfxd1 bxc6 14. f3 Bf5 15. g4 Bc8 16. Ba3 Re8 17. g5 h6 18. h4 f6 19. Ne4 hxg5 20. hxg5 fxg5 21. Nxg5 e4 1/2-1/2

[Event "Barcelona Sant Marti op-A 15th"]
[Site "Barcelona"]
[Date "2013.07.13"]
[Round "1"]
[White "Frank Nielsen, Marie"]
[Black "Sanchez Ibern, Marc"]
[Result "0-1"]
[WhiteElo "2016"]
[BlackElo "2408"]
[PlyCount "152"]
[EventDate "2013.07.13"]
[EventType "swiss"]
[EventRounds "9"]
[EventCountry "ESP"]
[SourceTitle "CBM 155 Extra"]
[Source "ChessBase"]
[SourceDate "2013.08.26"]
[SourceVersion "1"]
[SourceVersionDate "2013.08.26"]
[SourceQuality "1"]

1. e4 g6 2. d4 Bg7 3. Nc3 c6 4. h3 d5 5. e5 h5 6. Nf3 Nh6 7. Bf4 b5 8. Bd3 Na6 9. 0-0 Nc7 10. Re1 Ne6 11. Be3 a5 12. Ne2 Nf8 13. Nf4 Bf5 14. Nxh5 gxh5 15. Bxh6 Bxh6 16. Bxf5 e6 17. Bd3 Rg8 18. a4 b4 19. c4 dxc4 20. Be4 Qb6 21. Qc2 Qa6 22. Nd2 Bxd2 23. Qxd2 0-0-0 24. Qe3 Nd7 25. Rac1 Kc7 26. Qe2 Nb6 27. Qxh5 Rgf8 28. Qf3 Nxa4 29. b3 Nc3 30. Rxc3 bxc3 31. Qxc3 Qb6 32. bxc4 Rxd4 33. Rb1 Qc5 34. Qb2 Qa7 35. Qe2 Rb8 36. Ra1 Rbd8 37. Qf3 Rxc4 38. Qxf7+ Rd7 39. Qf3 Qc5 40. Bg6 Qxe5 41. Rb1 Qc5 42. Qg3+ e5 43. Kh2 Qd4 44. Qa3 Ra4 45. Qf8 Qf4+ 46. Qxf4 Rxf4 47. f3 Rb4 48. Ra1 Kb6 49. Be4 Rd2 50. h4 Rbb2 51. f4 exf4 52. h5 Rd6 53. Kh3 Rb4 54. Bf3 a4 55. Kg4 Kc5 56. Kg5 Kc4 57. h6 Rb5+ 58. Kxf4 Rxh6 59. Rxa4+ Kc5 60. Ra1 Kd6 61. g4 Rf6+ 62. Kg3 Rb3 63. Rf1 Ke5 64. Kg2 c5 65. Re1+ Kd6 66. Ra1 Ke7 67. Re1+ Kf8 68. Bd5 Rd3 69. Be4 Rd4 70. Bf5 c4 71. Rc1 Rc6 72. Rc3 Rb6 73. Ra3 Rb2+ 74. Kf3 Rb3+ 75. Rxb3 cxb3 76. Ke3 Rd1 0-1

[Event "Montcada op 21st"]
[Site "Montcada"]
[Date "2013.06.29"]
[Round "5"]
[White "Ulybin, Mikhail"]
[Black "Sanchez Ibern, Marc"]
[Result "1/2-1/2"]
[WhiteElo "2523"]
[BlackElo "2401"]
[PlyCount "116"]
[EventDate "2013.06.25"]
[EventType "swiss"]
[EventRounds "9"]
[EventCountry "ESP"]
[SourceTitle "EXT 2014"]
[Source "ChessBase"]
[SourceDate "2013.11.20"]
[SourceVersion "1"]
[SourceVersionDate "2013.11.20"]
[SourceQuality "1"]

1. e4 c5 2. Nf3 d6 3. Bb5+ Bd7 4. Bxd7+ Qxd7 5. 0-0 Nc6 6. c3 Nf6 7. d4 Nxe4 8. d5 Ne5 9. Re1 Nf6 10. Nxe5 dxe5 11. c4 0-0-0 12. Nc3 e6 13. Bg5 exd5 14. Nxd5 Be7 15. Rxe5 Nxd5 16. Rxd5 Bxg5 17. Rxd7 Rxd7 18. Qa4 Rhd8 19. h4 Bxh4 20. Qxa7 Rd1+ 21. Rxd1 Rxd1+ 22. Kh2 Bxf2 23. Qa8+ Kc7 24. Qf8 Bd4 25. Qxf7+ Kb6 26. Qe8 Rd3 27. b4 Re3 28. Qd8+ Ka7 29. Qa5+ Kb8 30. Qd8+ Ka7 31. bxc5 Be5+ 32. g3 Rxg3 33. Qa5+ Kb8 34. Qd8+ Ka7 35. Kh1 Rg6 36. c6 Rxc6 37. Qa5+ Ra6 38. Qxe5 Rxa2 39. Qd4+ Kb8 40. Qxg7 Ra4 41. Qe5+ Ka7 42. Qc5+ Ka8 43. Qd4 h6 44. Qd8+ Ka7 45. Qd4+ Ka8 46. Kg2 Ra6 47. Kf3 Rc6 48. Ke4 Kb8 49. Kd5 Ra6 50. Qf4+ Ka8 51. Qc7 Rc6 52. Qd8+ Ka7 53. Qa5+ Ra6 54. Qc7 Rc6 55. Qd8 Ra6 56. c5 Rc6 57. Qd7 Ra6 58. Qd8 Rc6 1/2-1/2